00630nam a22001577a 4500020001800000082001200018100002500030245006700055260007000122300000800192650002300200942000700223952011500230952011000345999001700455 a9788193110716 a230 LON a Longkumer, Limatula aMethodological Issues in Tehological Research: an Exploration aSerampore, West BengalbSATHRI, Senate of Serampore Collegec2020 a318 aTheology-Christian cBK 001040708NFICaHMIbHMIcGENd2021-09-30g550.00l5o230 LONp25842r2024-03-01s2024-02-28w2021-10-29yBK 00104070aHMIbHMIcGENd2025-10-03eDirectorg550.00l0o230 LONp11004885r2025-10-03w2025-10-03yBK c23194d23194